Logo CIB grande

SOIL STRENGTH AND SLOPE STABILITY (Registro nro. 237262)

Detalles MARC
000 -LEADER
campo de control de longitud fija 00618nam a2200241Ia 4500
005 - FECHA Y HORA DE LA ÚLTIMA TRANSACCIÓN
campo de control 20250425162827.0
008 - DATOS DE LONGITUD FIJA--INFORMACIÓN GENERAL
campo de control de longitud fija 250425s9999 xx 000 0 und d
020 ## - NÚMERO INTERNACIONAL ESTÁNDAR DEL LIBRO
Número Internacional Estándar del Libro 9781118651650
041 ## - CÓDIGO DE IDIOMA
Código de lengua del texto/banda sonora o título independiente eng
044 ## - CÓDIGO DEL PAÍS DE LA ENTIDAD EDITORA/PRODUCTORA
Código MARC del país -us
082 ## - NÚMERO DE LA CLASIFICACIÓN DECIMAL DEWEY
Número de clasificación 624.151363
Iniciales del Autor DUN
010 ## - NÚMERO DE CONTROL DE LA BIBLIOTECA DEL CONGRESO
Número de control de LC 110572
100 ## - ENTRADA PRINCIPAL--NOMBRE DE PERSONA
Nombre de persona DUNCAN, J MICHAEL
245 #0 - MENCIÓN DEL TÍTULO
Título SOIL STRENGTH AND SLOPE STABILITY
250 ## - MENCION DE EDICION
Mención de edición 2ND ED.
264 ## - PRODUCCIÓN, PUBLICACIÓN, DISTRIBUCIÓN, FABRICACIÓN Y COPYRIGHT
Producción, publicación, distribución, fabricación y copyright Estados Unidos, HOBOKEN
Nombre del de productor, editor, distribuidor, fabricante JOHN WILEY & SONS LTD.
Fecha de producción, publicación, distribución, fabricación o copyright 2014.
300 ## - DESCRIPCIÓN FÍSICA
Extensión 317
362 ## - FECHAS DE PUBLICACIÓN Y/O DESIGNACIÓN SECUENCIAL
Fecha de publicación y/o designación secuencial S/N
650 ## - PUNTO DE ACCESO ADICIONAL DE MATERIA--TÉRMINO DE MATERIA
Término de materia o nombre geográfico como elemento de entrada PENDIENTES (MECANICA DE SUELOS)
700 ## - ENTRADA AGREGADA--NOMBRE PERSONAL
Nombre de persona BRANDON, THOMAS L
700 ## - ENTRADA AGREGADA--NOMBRE PERSONAL
Nombre de persona WRIGHT, STEPHEN G
942 ## - ELEMENTOS DE ENTRADA SECUNDARIOS (KOHA)
Tipo de ítem Koha Libros
Existencias
Estatus retirado Estado de pérdida Estado de daño No para préstamo Biblioteca de origen Biblioteca actual Fecha de adquisición Coste, precio normal de compra Etiqueta RFID Total de préstamos Código de barras Copia número
        CENTRO DE INFORMACIÓN BIBLIOTECARIA CENTRO DE INFORMACIÓN BIBLIOTECARIA 09/11/2019 166.00 0000000000000000034928   71390 1
        CENTRO DE INFORMACIÓN BIBLIOTECARIA CENTRO DE INFORMACIÓN BIBLIOTECARIA 09/11/2019 166.00 0000000000000000034929   71391 2
        CENTRO DE INFORMACIÓN BIBLIOTECARIA CENTRO DE INFORMACIÓN BIBLIOTECARIA 09/11/2019 166.00 0000000000000000034930   71392 3
        CENTRO DE INFORMACIÓN BIBLIOTECARIA CENTRO DE INFORMACIÓN BIBLIOTECARIA 09/11/2019 166.00 0000000000000000034215   71393 4

Copyright 2025 ESPOL. Todos los derechos reservados.